Environmental Studies (EVS) exam goal post for CTET & TETs exams (Record no. 165957)

MARC details
000 -LEADER
fixed length control field 00701nam a22001937a 4500
005 - DATE AND TIME OF LATEST TRANSACTION
control field 20190711110239.0
010 ## - LCCN (DPL NO)
LC control number B-728472
020 ## - INTERNATIONAL STANDARD BOOK NUMBER
International Standard Book Number 9789388425667
Terms of availability 159.00
035 ## - SYSTEM CONTROL NUMBER
System control number B-728472
037 ## - SOURCE OF ACQUISITION
Source of stock number/acquisition RK Books
082 ## - DEWEY DECIMAL CLASSIFICATION NUMBER
Classification number 333.7
245 ## - TITLE STATEMENT
Title Environmental Studies (EVS) exam goal post for CTET & TETs exams
260 ## - PUBLICATION, DISTRIBUTION, ETC. (IMPRINT)
Place of publication, distribution, etc New Delhi
Name of publisher, distributor, etc Wiley
Date of publication, distribution, etc 2019
270 ## - ADDRESS
Address 19-A, Ansari Road, Daryaganj
City New Delhi
Postal code 110002
300 ## - PHYSICAL DESCRIPTION
Extent viii, 216p.
Dimensions 21cm(pbk)
500 ## - GENERAL NOTE
General note paper-I class I-V
942 ## - ADDED ENTRY ELEMENTS (KOHA)
Source of classification or shelving scheme Dewey Decimal Classification
Item type English Books
Classification part 333.7
Call number suffix ENV
Holdings
Withdrawn status Lost status Not for loan Collection code Home library Current library Date acquired Source of acquisition Cost, normal purchase price Full call number Barcode Copy number Cost, replacement price Koha item type Public note
      Non-fiction Kadipur Kadipur 08/07/2019 RK Books/IN569/2019-20/17.06.2019/09/06.06.2019/28.06.2019 159.00 333.7 ENV B-728472 1 159.00 English Books Spl. power

© Delhi Public Library
Hit Counter
free hit counter